| 000 | 00646nam a22002171i 4500 | ||
|---|---|---|---|
| 001 | 182963 | ||
| 003 | ES-MaACL | ||
| 005 | 20241115063037.0 | ||
| 008 | 140107s1973 sp |||| | spa d | ||
| 020 | _a84-320-5280-9 | ||
| 080 | _a821.134.2-311.2"19" | ||
| 100 | 1 |
_aPaso, Alfonso _989420 |
|
| 245 | 1 | 0 |
_aCálida Josefina _b: novela / _cAlfonso Paso. |
| 250 | _a[1ª ed.]. | ||
| 260 |
_aBarcelona : _bPlaneta, _c[1973] |
||
| 300 |
_a244 p. ; _c19 cm. |
||
| 490 | 1 | _aAutores Españoles e Hispanoamericanos | |
| 830 | 0 |
_aAutores Españoles e Hispanoamericanos _9177795 |
|
| 852 |
_aES-MaACL _jC-52865 |
||
| 999 |
_c182963 _d182963 |
||